Mathematical analysis for business and economics / (Record no. 3047)

000 -LEADER
fixed length control field 01058pam a2200325 a 4500
001 - CONTROL NUMBER
control field 533773
003 - CONTROL NUMBER IDENTIFIER
control field OSt
005 - DATE AND TIME OF LATEST TRANSACTION
control field 20160831103537.0
008 - FIXED-LENGTH DATA ELEMENTS--GENERAL INFORMATION
fixed length control field 870925s1988 maua 001 0 eng
010 ## - LIBRARY OF CONGRESS CONTROL NUMBER
LC control number 87025918
020 ## - INTERNATIONAL STANDARD BOOK NUMBER
International Standard Book Number 9780534914936
040 ## - CATALOGING SOURCE
Original cataloging agency DLC
Transcribing agency DLC
Modifying agency DLC
050 00 - LIBRARY OF CONGRESS CALL NUMBER
Classification number QA300.S34 1988
082 00 - DEWEY DECIMAL CLASSIFICATION NUMBER
Classification number 515
Edition number 19
100 1# - MAIN ENTRY--PERSONAL NAME
Personal name Schelin, Charles W.
245 10 - TITLE STATEMENT
Title Mathematical analysis for business and economics /
Statement of responsibility, etc Charles W. Schelin and David W. Bange.
250 ## - EDITION STATEMENT
Edition statement 2nd ed.
260 ## - PUBLICATION, DISTRIBUTION, ETC. (IMPRINT)
Place of publication, distribution, etc Boston :
Name of publisher, distributor, etc PWS-KENT Pub. Co.,
Date of publication, distribution, etc c1988.
300 ## - PHYSICAL DESCRIPTION
Extent xiii, 601 p. :
Other physical details ill. ;
Dimensions 25 cm.
440 #4 - SERIES STATEMENT/ADDED ENTRY--TITLE
Title The Prindle, Weber & Schmidt series in mathematics
500 ## - GENERAL NOTE
General note Rev. ed. of: Calculus for business and economics. c1985.
500 ## - GENERAL NOTE
General note Includes index.
650 #0 - SUBJECT ADDED ENTRY--TOPICAL TERM
Topical term or geographic name as entry element Mathematical analysis.
650 #0 - SUBJECT ADDED ENTRY--TOPICAL TERM
Topical term or geographic name as entry element Business mathematics.
650 #0 - SUBJECT ADDED ENTRY--TOPICAL TERM
Topical term or geographic name as entry element Economics, Mathematical.
700 1# - ADDED ENTRY--PERSONAL NAME
Personal name Bange, David W.
700 1# - ADDED ENTRY--PERSONAL NAME
Personal name Schelin, Charles W.
Title of a work Calculus for business and economics.
906 ## - LOCAL DATA ELEMENT F, LDF (RLIN)
a 7
b cbc
c orignew
d 1
e ocip
f 19
g y-gencatlg
942 ## - ADDED ENTRY ELEMENTS (KOHA)
Source of classification or shelving scheme
Koha item type Book
Holdings
Withdrawn status Lost status Source of classification or shelving scheme Damaged status Not for loan Home library Current library Shelving location Date acquired Total Checkouts Full call number Barcode Date last seen Copy number Price effective from Koha item type
          Riara University Library Riara University Library General stack 31/08/2016   QA300.S34 1988 8228/16 31/08/2016 C.1 31/08/2016 Book
          Riara University Library Riara University Library General stack 11/07/2017   QA300.S34 1988 9024/17 11/07/2017 C.2 11/07/2017 Book

Riara University Library,
P.O. Box 49940-00100,
Nairobi, Kenya.